000 00324nam a2200145Ia 4500
100 _aKumar/K.J
650 _aEnglish
942 _cBK
654 _acommunication
245 _aCommunicatin skills in english
260 _bVipul prakashan
_aBombay
_c1988
082 _a621.381548
_bKUM
300 _a172
546 _aENGLISH
999 _c18115
_d18115